000 00983nam a22002777a 4500
001 05879
003 HDC
007 cr bn ---aaaaa
008 210121b19991999xxu||||| |||| 00| 0 eng d
020 _a0849321182
040 _aHDC
100 _a D'Amelio, Frank S
_eauthor
_96173
245 0 _aBotanicals: For Cosmetic Use
_c/ Frank S. D'Amelio, Sr
260 _aUnited States:
_bCRC Press,
_c1999
300 _a1 online resource (223 pages);
_billustrations
336 _atext
_2rdacontent
337 _acomputer
_2rdamedia
338 _aonline resource
_2rdacarrier
500 _aOriginally from: Botanicals : a phytocosmetic desk reference, 1999 (pages 51-288)
650 _aBotanical chemistry
_96175
650 _aHerbal cosmetics
_96174
856 _zRequest full-text at [email protected]
942 _2lcc
942 _cCHAP
942 _kEBCH 004190
999 _c3203
_d3203